| 000 | 00528nam a2200217Ia 4500 | ||
|---|---|---|---|
| 008 | 210210b2002 xxu||||| |||| 00| 0 eng d | ||
| 020 | _a8173915245 | ||
| 041 | _aeng | ||
| 082 | _a070 PANM | ||
| 100 | _aPANT (N C) | ||
| 245 | _aModern journalism: principles and practice | ||
| 260 |
_aNew Delhi _bKanishka Publishers, Distributors, _c2002 |
||
| 300 | _a276 | ||
| 650 | _aprinciples | ||
| 650 | _apractice | ||
| 650 | _aModern | ||
| 650 | _ajournalism: | ||
| 650 | _aand | ||
| 690 | _aJournalism | ||
| 906 | _a062278 | ||
| 999 |
_c117146 _d117146 |
||